[Event "NATO-ch 33rd"]
[Site "Portoroz"]
[Date "2023.09.08"]
[Round "7"]
[White "Allmann, Lauri"]
[Black "Rizihs, Valerijs"]
[Result "0-1"]
[WhiteElo "1788"]
[BlackElo "1570"]
[PlyCount "114"]
[EventDate "2023.09.04"]
[EventType "swiss"]
[EventRounds "7"]
[EventCountry "SLO"]
[SourceTitle "EXT 2024"]
[Source "ChessBase"]
[SourceDate "2023.10.10"]
[SourceVersion "1"]
[SourceVersionDate "2023.10.10"]
[SourceQuality "1"]

1. c4 c5 2. Nc3 Nc6 3. Nf3 Nf6 4. g3 e5 5. Bg2 d6 6. d3 Bd7 7. Bg5 Be7 8. 0-0 Qc8 9. Bxf6 Bxf6 10. Nd5 Bd8 11. Nd2 f5 12. e3 0-0 13. Nb1 Rb8 14. Nbc3 a6 15. a4 Kh8 16. f4 Be6 17. Qh5 Bf6 18. Rf2 g6 19. Qf3 Bg7 20. Nb6 Qd8 21. Ncd5 Bg8 22. Rb1 Re8 23. Qd1 exf4 24. gxf4 Nb4 25. Qd2 Nxd5 26. Nxd5 Bxd5 27. Bxd5 Re7 28. Rf3 a5 29. h4 b6 30. Rg3 Bf6 31. Qh2 Qe8 32. Re1 Rg7 33. Re2 Qxa4 34. h5 Qd1+ 35. Kf2 gxh5 36. Rxg7 Bxg7 37. Qxh5 Rf8 38. Bf7 Qxd3 39. Bd5 b5 40. Kf3 bxc4 41. Bf7 Qe4+ 42. Kg3 d5 43. Rh2 Qxe3+ 44. Kg2 Qd2+ 45. Kg3 Qe1+ 46. Kg2 Qe4+ 47. Kg3 h6 48. Qg6 Qe3+ 49. Kg2 Qxf4 50. Bxd5 Qd2+ 51. Kg1 Qe1+ 52. Kg2 Qe2+ 53. Kh3 Qd3+ 54. Kh4 Qxd5 55. Rg2 Qe4+ 56. Kh3 Qf3+ 57. Rg3 Qh1# 0-1

[Event "Riga Tal Memorial rapid"]
[Site "Riga"]
[Date "2019.07.16"]
[Round "1"]
[White "Rizihs, Valerijs"]
[Black "Martinez Alcantara, Jose Eduardo"]
[Result "0-1"]
[WhiteElo "1757"]
[BlackElo "2601"]
[PlyCount "24"]
[EventDate "2019.07.16"]
[EventType "swiss (rapid)"]
[EventRounds "11"]
[EventCountry "LAT"]
[SourceTitle "CBM 191 Extra"]
[Source "ChessBase"]
[SourceDate "2019.09.30"]
[SourceVersion "1"]
[SourceVersionDate "2019.09.30"]
[SourceQuality "1"]

1. d4 Nf6 2. Nc3 d5 3. Bf4 a6 4. e3 c5 5. h4 Nc6 6. a3 h6 7. f3 b5 8. dxc5 e5 9. Bg3 Bxc5 10. Bf2 0-0 11. g4 d4 12. exd4 exd4 0-1

[Event "NATO-ch 28th"]
[Site "Budapest"]
[Date "2017.03.27"]
[Round "1"]
[White "Rizihs, Valerijs"]
[Black "Kersic, Matej"]
[Result "0-1"]
[WhiteElo "1825"]
[BlackElo "2167"]
[PlyCount "120"]
[EventDate "2017.03.27"]
[EventType "swiss"]
[EventRounds "7"]
[EventCountry "HUN"]
[SourceTitle "CBM 177 Extra"]
[Source "ChessBase"]
[SourceDate "2017.04.27"]
[SourceVersion "1"]
[SourceVersionDate "2017.04.27"]
[SourceQuality "1"]

1. d4 d5 2. c4 e6 3. Nf3 Nf6 4. e3 Be7 5. Bd3 0-0 6. 0-0 b6 7. Nbd2 Bb7 8. Re1 Nbd7 9. e4 dxe4 10. Nxe4 c5 11. Bg5 cxd4 12. Nxd4 Ne5 13. Bxf6 gxf6 14. Bc2 f5 15. Ng3 Bf6 16. Nh5 Ng6 17. Nb5 Bxb2 18. Rb1 Qg5 19. Ng3 Rfd8 20. Qh5 Bf6 21. Red1 Nf4 22. Qxg5+ Bxg5 23. f3 Be7 24. Kf1 Bc5 25. Ne2 Nxe2 26. Kxe2 a6 27. Nc3 Bd4 28. Na4 b5 29. Bd3 Bc6 30. Nb2 b4 31. Bc2 Rac8 32. g4 fxg4 33. fxg4 a5 34. h4 h6 35. g5 hxg5 36. hxg5 Kg7 37. Bd3 Rh8 38. Kd2 Rh2+ 39. Be2 Bxb2 40. Rxb2 Rd8+ 41. Kc1 Rxd1+ 42. Kxd1 Bf3 43. c5 Rxe2 44. Rxe2 Kf8 45. Kd2 Bxe2 46. Kxe2 Ke7 47. Kd3 Kd7 48. Kd4 Kc6 49. Ke5 a4 50. Kd4 b3 51. axb3 axb3 52. Kc3 Kxc5 53. Kxb3 Kd5 54. Kc3 Ke5 55. g6 fxg6 56. Kd3 Kf4 57. Ke2 g5 58. Kf2 g4 59. Kg2 g3 60. Kg1 Kf3 0-1

[Event "NATO-ch 27th"]
[Site "Shrivenham"]
[Date "2016.08.23"]
[Round "3"]
[White "Chapman, Chas"]
[Black "Rizihs, Valerijs"]
[Result "0-1"]
[WhiteElo "1435"]
[BlackElo "1778"]
[PlyCount "48"]
[EventDate "2016.08.22"]
[EventType "swiss"]
[EventRounds "7"]
[EventCountry "ENG"]
[SourceTitle "EXT 2018"]
[Source "ChessBase"]
[SourceDate "2017.10.13"]
[SourceVersion "1"]
[SourceVersionDate "2017.10.13"]
[SourceQuality "1"]

1. e4 c5 2. Nf3 d6 3. d4 cxd4 4. Nxd4 Nf6 5. Nc3 Nc6 6. f3 g6 7. Be3 Bg7 8. Bc4 0-0 9. Qd2 Bd7 10. 0-0-0 Rc8 11. Bb3 Ne5 12. h4 h5 13. Rdg1 Nc4 14. Bxc4 Rxc4 15. Nde2 Qa5 16. Bh6 Rfc8 17. Bxg7 Kxg7 18. Kb1 b5 19. Rc1 Be6 20. Rhd1 Rxc3 21. a3 b4 22. Qd4 R3c4 23. Qe3 bxa3 24. Qxa3 Ra4 0-1

[Event "NATO-ch 26th"]
[Site "Amsterdam"]
[Date "2015.07.09"]
[Round "5.32"]
[White "Rizihs, Valerijs"]
[Black "Musselman, Charles"]
[Result "1-0"]
[WhiteElo "1761"]
[BlackElo "1995"]
[PlyCount "67"]
[EventDate "2015.07.06"]
[EventType "swiss"]
[EventRounds "7"]
[EventCountry "NED"]
[SourceTitle "EXT 2016"]
[Source "ChessBase"]
[SourceDate "2015.10.08"]
[SourceVersion "1"]
[SourceVersionDate "2015.10.08"]
[SourceQuality "1"]
[WhiteTeam "Latvia"]
[BlackTeam "NATO"]
[WhiteTeamCountry "LAT"]

1. e4 Nc6 2. Nf3 d6 3. Nc3 Nf6 4. Bc4 Bg4 5. 0-0 Ne5 6. Nxe5 dxe5 7. Be2 Bxe2 8. Qxe2 a6 9. d3 e6 10. Be3 Be7 11. Rad1 0-0 12. h3 Nd7 13. d4 exd4 14. Rxd4 c5 15. Rd2 Qc7 16. f4 Rfd8 17. f5 Nf8 18. Rxd8 Rxd8 19. Qg4 exf5 20. exf5 Qe5 21. Ne4 Bd6 22. Bg5 Ra8 23. Rf2 Kh8 24. f6 g6 25. Qh4 Ne6 26. Rd2 Qh2+ 27. Kf2 Rd8 28. Be3 b6 29. Ng5 Nxg5 30. Qxg5 Re8 31. Rd5 Bf8 32. Rd7 Kg8 33. Qd5 Qe5 34. Qxf7+ 1-0

[Event "NATO-ch 26th"]
[Site "Amsterdam"]
[Date "2015.07.07"]
[Round "2.37"]
[White "Petat, Yannick"]
[Black "Rizihs, Valerijs"]
[Result "1-0"]
[WhiteElo "1938"]
[BlackElo "1761"]
[PlyCount "101"]
[EventDate "2015.07.06"]
[EventType "swiss"]
[EventRounds "7"]
[EventCountry "NED"]
[SourceTitle "EXT 2016"]
[Source "ChessBase"]
[SourceDate "2015.10.08"]
[SourceVersion "1"]
[SourceVersionDate "2015.10.08"]
[SourceQuality "1"]
[WhiteTeam "France"]
[BlackTeam "Latvia"]
[WhiteTeamCountry "FRA"]
[BlackTeamCountry "LAT"]

1. d4 d5 2. c4 e6 3. Nc3 Nf6 4. Bg5 c6 5. Nf3 Nbd7 6. e3 Qa5 7. Nd2 Bb4 8. Qc2 Ne4 9. Ndxe4 dxe4 10. Bh4 f5 11. a3 Bxc3+ 12. Qxc3 Qxc3+ 13. bxc3 0-0 14. c5 Kf7 15. Bc4 b6 16. cxb6 axb6 17. Kd2 Ba6 18. Bb3 Bd3 19. c4 Ra5 20. Ra2 Rfa8 21. Rha1 c5 22. Bg3 b5 23. Kc3 bxc4 24. Bd1 Nb6 25. Be5 Nd5+ 26. Kd2 c3+ 27. Kc1 c4 28. Bc2 Nb4 29. Bd6 Rxa3 30. Rxa3 Rxa3 31. Rxa3 Nxc2 32. Rxc3 Na1 33. Ra3 Nb3+ 34. Kd1 g5 35. Ra7+ Kg6 36. Bb4 h5 37. g3 g4 38. Re7 Kf6 39. Re8 Na1 40. Bc3 Kf7 41. Ra8 Nb3 42. Ra7+ Kg6 43. Ra6 Kf7 44. d5 Nc5 45. Ra7+ Ke8 46. d6 Bb1 47. Re7+ Kf8 48. Bg7+ Kg8 49. d7 c3 50. d8Q+ Kh7 51. Qh8+ 1-0